|
|
|
|
| LEADER |
02030nam a2200529 i 4500 |
| 001 |
001909855 |
| 003 |
CZ BrMZK |
| 005 |
20250103123418.0 |
| 007 |
ta |
| 008 |
240926s2024 xo a e f 000 0 cze |
| 020 |
|
|
|a 978-80-8100-734-7
|q (brožováno)
|
| 040 |
|
|
|a BOA001
|b cze
|e rda
|
| 041 |
1 |
|
|a cze
|h ger
|
| 072 |
|
7 |
|a 615.8
|x Fyzioterapie. Psychoterapie. Alternativní lékařství
|2 Konspekt
|9 14
|
| 080 |
|
|
|a 617.52
|2 MRF
|
| 080 |
|
|
|a 615.8
|2 MRF
|
| 080 |
|
|
|a 616-008.9
|2 MRF
|
| 080 |
|
|
|a 616-008.9:577.128
|2 MRF
|
| 080 |
|
|
|a 615.8:615.279
|2 MRF
|
| 080 |
|
|
|a 613
|2 MRF
|
| 080 |
|
|
|a (0.062)
|2 MRF
|
| 100 |
1 |
|
|a Standop, Eric
|7 xx0320142
|4 aut
|
| 240 |
1 |
0 |
|a Gesichtlesen - Vitamine, Mineralstoffe und Stoffwechsel.
|l Česky
|
| 245 |
1 |
0 |
|a Zdravotní stav z tváře :
|b jak poznat a napravit nedostatek vitaminů, minerálů a zlepšit látkovou výměnu /
|c Eric Standop ; přeložila Eva Děrglová
|
| 264 |
|
1 |
|a Bratislava :
|b Eugenika,
|c 2024
|
| 300 |
|
|
|a 105 stran :
|b barevné ilustrace ;
|c 18 cm
|
| 336 |
|
|
|a text
|b txt
|2 rdacontent
|
| 337 |
|
|
|a bez média
|b n
|2 rdamedia
|
| 338 |
|
|
|a svazek
|b nc
|2 rdacarrier
|
| 500 |
|
|
|a Přeloženo z němčiny
|
| 650 |
0 |
7 |
|a obličej
|7 ph117247
|x terapeutické aspekty
|2 czenas
|
| 650 |
0 |
7 |
|a poruchy metabolismu
|7 ph115823
|2 czenas
|
| 650 |
0 |
7 |
|a poruchy metabolismu minerálních látek
|7 ph194792
|2 czenas
|
| 650 |
0 |
7 |
|a detoxikace organismu
|7 ph134741
|2 czenas
|
| 650 |
0 |
7 |
|a péče o zdraví
|7 ph124852
|2 czenas
|
| 650 |
0 |
9 |
|a face
|x therapeutic aspects
|2 eczenas
|
| 650 |
0 |
9 |
|a metabolic disorders
|2 eczenas
|
| 650 |
0 |
9 |
|a mineral metabolism disorders
|2 eczenas
|
| 650 |
0 |
9 |
|a detoxification (health)
|2 eczenas
|
| 650 |
0 |
9 |
|a health care
|2 eczenas
|
| 655 |
|
7 |
|a populárně-naučné publikace
|7 fd131864
|2 czenas
|
| 655 |
|
9 |
|a popular works
|2 eczenas
|
| 700 |
1 |
|
|a Děrglová, Eva
|7 xx0277267
|4 trl
|
| 910 |
|
|
|a BOA001
|b 1-1531.845
|
| 990 |
|
|
|a BK
|
| 991 |
|
|
|b 202501
|c NOV
|
| 996 |
7 |
|
|b 2610981406
|c 1-1531.845
|l Vol.výběr
|r VV 0p
|n 2
|p kupz
|h 613 STA
|w 001978778
|u 000010
|a 0
|e BOA001
|j MZK50
|s A
|